|
|
|
|
| LEADER |
00000nab a2200000 a 4500 |
| 001 |
vtls001495499 |
| 003 |
SK-MaSNL |
| 005 |
20260304134342.0 |
| 008 |
250505c2004 xo 0 slo |
| 015 |
|
|
|a SNBCL2005/2
|
| 035 |
|
|
|a (uuid)b58208b1-6862-4bbc-b59e-894fba3c11b9
|
| 035 |
|
|
|a urn:nbn:sk:snk-abaf74
|
| 035 |
|
|
|a (urnnbn)urn:nbn:sk:snk:ar-007ueu
|
| 040 |
|
|
|a SNKBUCL
|b slo
|c SNKBUCL
|e AACR2
|
| 041 |
1 |
|
|a slo
|h eng
|
| 044 |
|
|
|a xo
|c SK
|
| 080 |
|
|
|a 615.2:615.099-053.2
|2 1981
|
| 245 |
0 |
0 |
|a Analýza náhodných liekových intoxikácií u detí hospitalizovaných v Detskej fakultnej nemocnici v Bratislave v rokoch 1996-2000
|c M. Kuželová ... [et al.]
|
| 246 |
1 |
0 |
|a Analysis of accidental drug intoxications in children hospitalized at the Children's Faculty Hospital in Bratislava in the years 1996-2000
|
| 300 |
|
|
|b Graf, tab.
|
| 504 |
|
|
|a Res. angl., slov.
|
| 504 |
|
|
|a Bibliogr. odkazy
|
| 650 |
0 |
7 |
|a lieky
|2 snkbucl
|9 2515
|
| 650 |
0 |
7 |
|a intoxikácia liekmi
|2 snkbucl
|9 27927
|
| 650 |
0 |
7 |
|a deti
|2 snkbucl
|9 773
|
| 700 |
1 |
|
|a Kuželová, Magdaléna,
|d 1951-
|4 aut
|9 208320
|
| 700 |
1 |
|
|a Plačková, Silvia
|4 aut
|9 12749
|
| 700 |
1 |
|
|a Kovács, László,
|d 1950-2017
|4 aut
|9 202749
|
| 700 |
1 |
|
|a Benedeková, Marta,
|d 1941-
|4 aut
|9 25750
|
| 700 |
1 |
|
|a Riedel, Rudolf,
|d 1954-
|4 aut
|9 251946
|
| 700 |
1 |
|
|a Cagáňová, Blažena,
|d 1969-
|4 aut
|9 432371
|
| 700 |
1 |
|
|a Seginko, Jozef,
|d 1947-2006
|4 aut
|9 53638
|
| 700 |
1 |
|
|a Švec, Pavel,
|d 1940-2015
|4 aut
|9 178265
|
| 773 |
0 |
|
|t Česko-slovenská pediatrie
|g Roč. 59, č. 7 (2004), s. 341-347
|x 0069-2328
|
| 850 |
|
|
|a Slovenská národná knižnica
|
| 852 |
|
|
|a Slovenská národná knižnica
|
| 954 |
|
|
|a odborná, vedecká literatúra pôvodná (slovenská)
|2 lita
|
| 958 |
|
|
|a article14
|
| 958 |
|
|
|a OND
|
| 958 |
|
|
|a EUIPO
|
| 999 |
|
|
|c 2906439
|d 2908369
|